000 01011cam a22003137a 4500
003 CHAP
005 20220329135158.0
008 971013s1956 r 00010 d
010 _a32219
011 _a33191
035 _a37306
040 _cCHAP
090 _aTesis
100 0 0 _aLópez Mellado, Guillermo.
_968113
245 1 3 _aLa madera
_b: su deterioración y la manera de preservarla por medios químicos
260 _aMéxico, D.F. :
_bEl autor,
_c1956
300 _a72 p.
_b: gráfs.
502 _aTesis (Químico) -- UNAM. Esc. Nacional de Ciencias Químicas
590 _aALEPH
_b10
_c20130110
_lUCH01
_h1255
590 _aBATCH-UPD
_b10
_c20130110
_lUCH01
_h2254
590 _aBATCH-UPD
_b10
_c20130410
_lUCH01
_h1547
590 _aBATCH-UPD
_b10
_c20130914
_lUCH01
_h1739
590 _aCONVERSION
_b10
_c20130109
_lUCH01
_h1318
650 1 4 _aMadera
_xDeterioración.
_969603
650 1 4 _aMadera
_xPreservación.
_969619
901 _aBK
942 _cTESIS
949 _bBC
_cTES
_d-85448
_eTS1
_i37306
_si
999 _c32219
_d32219